[Event "HUN-chT2 Barcza 1819"]
[Site "Hungary"]
[Date "2018.12.02"]
[Round "5.8"]
[White "Kristof, Peter"]
[Black "Bagoly, Janos"]
[Result "1/2-1/2"]
[WhiteElo "2146"]
[BlackElo "2081"]
[PlyCount "41"]
[EventDate "2018.09.23"]
[EventType "team-tourn"]
[EventRounds "11"]
[EventCountry "HUN"]
[SourceTitle "CBM 189 Extra"]
[Source "ChessBase"]
[SourceDate "2019.05.31"]
[SourceVersion "1"]
[SourceVersionDate "2019.05.31"]
[SourceQuality "1"]
[WhiteTeam "Edeleny"]
[BlackTeam "Szirmabesenyo"]
[WhiteTeamCountry "HUN"]
[BlackTeamCountry "HUN"]

1. e4 Nf6 2. e5 Nd5 3. Nc3 Nxc3 4. dxc3 d6 5. Bc4 Nc6 6. Nf3 e6 7. Qe2 Nxe5 8. Nxe5 dxe5 9. Qxe5 Qd6 10. Qe4 Bd7 11. Bf4 Qc6 12. Bd3 Qxe4+ 13. Bxe4 0-0-0 14. 0-0-0 Bc5 15. Rd2 Bb5 16. Rhd1 Rxd2 17. Rxd2 f6 18. b3 g5 19. Be3 Bxe3 20. fxe3 f5 21. Bd3 1/2-1/2

[Event "HUN-chT2 Barcza 1718"]
[Site "Hungary"]
[Date "2017.11.26"]
[Round "4.7"]
[White "Kaman, Attila"]
[Black "Bagoly, Janos"]
[Result "0-1"]
[WhiteElo "2082"]
[BlackElo "2057"]
[PlyCount "83"]
[EventDate "2017.09.24"]
[EventType "team-tourn"]
[EventRounds "11"]
[EventCountry "HUN"]
[SourceTitle "EXT 2021"]
[Source "ChessBase"]
[SourceDate "2020.10.23"]
[SourceVersion "1"]
[SourceVersionDate "2020.10.23"]
[SourceQuality "1"]
[WhiteTeam "Hajduboszormeny"]
[BlackTeam "Szirmabesenyo"]
[WhiteTeamCountry "HUN"]
[BlackTeamCountry "HUN"]

1. d4 e6 2. c4 d5 3. Nc3 c5 4. cxd5 exd5 5. Nf3 Nc6 6. g3 c4 7. Bg2 Bb4 8. 0-0 Nge7 9. Bf4 0-0 10. Rc1 Ng6 11. Bg5 f6 12. Be3 Bf5 13. a3 Bxc3 14. bxc3 Be4 15. Ne1 Bxg2 16. Nxg2 Na5 17. Qc2 Nb3 18. Rce1 Qd6 19. Bc1 Rae8 20. a4 Re6 21. Qa2 Rfe8 22. Ne3 Qd7 23. Qc2 Ra6 24. f3 Rxa4 25. Nf5 Ra1 26. Bf4 Rxe1 27. Rxe1 Nxf4 28. gxf4 g6 29. Ng3 Qd6 30. f5 Kg7 31. Kf2 Qf4 32. Kg2 Nd2 33. Rd1 Nb3 34. Re1 Qe3 35. Rf1 a5 36. Rf2 a4 37. fxg6 hxg6 38. Nf1 Qc1 39. e3 b5 40. Qa2 Qxc3 41. Qa3 Qa5 42. Qc5 0-1

[Event "HUN-chT2 Barcza 1617"]
[Site "Hungary"]
[Date "2016.10.09"]
[Round "2.4"]
[White "Bagoly, Janos"]
[Black "Kovacs, Marton"]
[Result "1/2-1/2"]
[WhiteElo "2033"]
[BlackElo "2150"]
[PlyCount "109"]
[EventDate "2016.09.25"]
[EventType "team-tourn"]
[EventRounds "11"]
[EventCountry "HUN"]
[SourceTitle "EXT 2021"]
[Source "ChessBase"]
[SourceDate "2020.10.23"]
[SourceVersion "1"]
[SourceVersionDate "2020.10.23"]
[SourceQuality "1"]
[WhiteTeam "Sajobabony"]
[BlackTeam "Hajduboszormeny"]
[WhiteTeamCountry "HUN"]
[BlackTeamCountry "HUN"]

1. d4 d5 2. c4 e6 3. Nf3 Nf6 4. g3 dxc4 5. Bg2 c5 6. 0-0 Nc6 7. Qa4 Bd7 8. dxc5 Na5 9. Qc2 Bxc5 10. Ne5 Rc8 11. Bg5 Bd6 12. Nxd7 Qxd7 13. Qc3 Qb5 14. Bxf6 gxf6 15. Na3 Qe5 16. Qc2 0-0 17. Qa4 a6 18. Rad1 b6 19. Nc2 Rfd8 20. e3 Bc7 21. b4 cxb3 22. axb3 b5 23. Qg4+ Qg5 24. Qxg5+ fxg5 25. b4 Bd6 26. bxa5 Rxc2 27. Bb7 Ra2 28. Bxa6 Rxa5 29. Ra1 Rxa1 30. Rxa1 Ra8 31. Ra2 Kf8 32. Kf1 Ke7 33. Ke2 Kd8 34. f4 g4 35. e4 Kc7 36. Rc2+ Kb6 37. Bc8 Bc5 38. Bd7 Rd8 39. Rd2 Bg1 40. e5 h5 41. Rd6+ Kc5 42. Rc6+ Kb4 43. Rc7 Bb6 44. Rb7 Kc5 45. f5 exf5 46. Bxf5 Re8 47. Rxf7 Rxe5+ 48. Kd3 Kb4 49. Bg6 Rd5+ 50. Kc2 Rg5 51. Bd3 Rc5+ 52. Kd2 Kb3 53. Rf5 Ba5+ 54. Ke2 Rxf5 55. Bxf5 1/2-1/2

[Event "HUN-chT2 Barcza 1516"]
[Site "Hungary"]
[Date "2016.04.17"]
[Round "11.5"]
[White "Pribelszky, Bence Daniel"]
[Black "Bagoly, Janos"]
[Result "1-0"]
[WhiteElo "2100"]
[BlackElo "2041"]
[PlyCount "57"]
[EventDate "2015.09.13"]
[EventType "team-tourn"]
[EventRounds "11"]
[EventCountry "HUN"]
[SourceTitle "EXT 2017"]
[Source "ChessBase"]
[SourceDate "2016.10.25"]
[SourceVersion "1"]
[SourceVersionDate "2016.10.25"]
[SourceQuality "1"]
[WhiteTeam "Miskolc KisBocsok"]
[BlackTeam "SSASSE"]
[WhiteTeamCountry "HUN"]
[BlackTeamCountry "HUN"]

1. e4 e6 2. d4 d5 3. Nc3 Nc6 4. e5 f6 5. exf6 Nxf6 6. Nf3 Bb4 7. Bd3 Ne4 8. Bd2 Nxd2 9. Qxd2 e5 10. Nxe5 Nxe5 11. Qe2 Qe7 12. Qxe5 Qxe5+ 13. dxe5 c5 14. 0-0-0 Bxc3 15. bxc3 Be6 16. f4 g6 17. h3 Rf8 18. Rhf1 0-0-0 19. g4 c4 20. Be2 Rf7 21. Rd4 Kc7 22. Kd2 b5 23. Ke3 Kc6 24. Bf3 Kc5 25. Rfd1 a5 26. a3 Rfd7 27. h4 Rb8 28. h5 gxh5 29. f5 1-0

[Event "HUN-chT2 Barcza 1516"]
[Site "Hungary"]
[Date "2016.03.20"]
[Round "9.4"]
[White "Bagoly, Janos"]
[Black "Maliar, Anatoliy"]
[Result "1/2-1/2"]
[WhiteElo "2033"]
[BlackElo "2200"]
[PlyCount "27"]
[EventDate "2015.09.13"]
[EventType "team-tourn"]
[EventRounds "11"]
[EventCountry "HUN"]
[SourceTitle "EXT 2017"]
[Source "ChessBase"]
[SourceDate "2016.10.25"]
[SourceVersion "1"]
[SourceVersionDate "2016.10.25"]
[SourceQuality "1"]
[WhiteTeam "SSASSE"]
[BlackTeam "Kazincbarcika"]
[WhiteTeamCountry "HUN"]
[BlackTeamCountry "HUN"]

1. d4 Nf6 2. c4 g6 3. Nc3 Bg7 4. e4 d6 5. Nf3 Bg4 6. Be2 0-0 7. Be3 c6 8. 0-0 Nbd7 9. Nd2 Bxe2 10. Qxe2 e5 11. dxe5 dxe5 12. c5 Nh5 13. Nf3 Nf4 14. Qc4 1/2-1/2

[Event "HUN-chT2 Barcza 1516"]
[Site "Hungary"]
[Date "2016.02.28"]
[Round "8.4"]
[White "Toth, Gabor"]
[Black "Bagoly, Janos"]
[Result "1/2-1/2"]
[WhiteElo "2186"]
[BlackElo "2037"]
[PlyCount "51"]
[EventDate "2015.09.13"]
[EventType "team-tourn"]
[EventRounds "11"]
[EventCountry "HUN"]
[SourceTitle "EXT 2017"]
[Source "ChessBase"]
[SourceDate "2016.10.25"]
[SourceVersion "1"]
[SourceVersionDate "2016.10.25"]
[SourceQuality "1"]
[WhiteTeam "Hajduszoboszlo"]
[BlackTeam "SSASSE"]
[WhiteTeamCountry "HUN"]
[BlackTeamCountry "HUN"]

1. e4 c5 2. Nc3 e6 3. g3 Nc6 4. Bg2 Nf6 5. Nge2 d6 6. 0-0 Be7 7. h3 Bd7 8. d3 Qc7 9. Be3 Qb6 10. Rb1 a5 11. d4 cxd4 12. Nxd4 Nxd4 13. Bxd4 Qc7 14. Qd3 0-0 15. Nb5 Bxb5 16. Qxb5 Nd7 17. Rfd1 Rfd8 18. Be3 Qc6 19. Qxc6 bxc6 20. c4 e5 21. h4 c5 22. Rd3 Nb8 23. Bf3 Nc6 24. Bd1 Nd4 25. Ba4 Rdc8 26. Kf1 1/2-1/2

[Event "HUN-chT2 Barcza 1516"]
[Site "Hungary"]
[Date "2015.12.06"]
[Round "6.5"]
[White "Bagoly, Janos"]
[Black "Hunko, Gyorgy"]
[Result "1/2-1/2"]
[WhiteElo "2050"]
[BlackElo "1984"]
[PlyCount "42"]
[EventDate "2015.09.13"]
[EventType "team-tourn"]
[EventRounds "11"]
[EventCountry "HUN"]
[SourceTitle "CBM 170 Extra"]
[Source "ChessBase"]
[SourceDate "2016.02.25"]
[SourceVersion "1"]
[SourceVersionDate "2016.02.25"]
[SourceQuality "1"]
[WhiteTeam "SSASSE"]
[BlackTeam "Mezokovesd"]
[WhiteTeamCountry "HUN"]
[BlackTeamCountry "HUN"]

1. d4 f5 2. g3 Nf6 3. Bg2 d5 4. Nf3 e6 5. 0-0 Bd6 6. c4 c6 7. Nc3 0-0 8. b3 Bd7 9. Qc2 Ne4 10. Bf4 Be7 11. Rad1 Be8 12. Ne5 Nd7 13. f3 Nxc3 14. Qxc3 g5 15. Nxd7 Qxd7 16. Be5 Bh5 17. Rde1 a5 18. c5 b6 19. e3 bxc5 20. dxc5 Qa7 21. Rc1 Rf7 1/2-1/2

[Event "HUN-chT2 Barcza 1415"]
[Site "Hungary"]
[Date "2015.03.14"]
[Round "?"]
[White "Bagoly, Janos"]
[Black "Oros, Robert"]
[Result "1/2-1/2"]
[WhiteElo "2036"]
[BlackElo "2265"]
[PlyCount "59"]
[EventDate "2014.09.07"]
[EventType "team-tourn"]
[EventRounds "11"]
[EventCountry "HUN"]
[SourceTitle "EXT 2016"]
[Source "ChessBase"]
[SourceDate "2015.10.08"]
[SourceVersion "1"]
[SourceVersionDate "2015.10.08"]
[SourceQuality "1"]
[WhiteTeam "Sajobabony"]
[BlackTeam "Nyiregyhaza"]
[WhiteTeamCountry "HUN"]
[BlackTeamCountry "HUN"]

1. d4 Nf6 2. e3 d6 3. f4 g6 4. Nf3 Bg7 5. Bd3 Nc6 6. c3 e5 7. e4 0-0 8. fxe5 dxe5 9. d5 Ne7 10. 0-0 c6 11. c4 cxd5 12. cxd5 Nexd5 13. exd5 e4 14. Be2 exf3 15. Bxf3 Nd7 16. Nc3 Ne5 17. Be3 Nc4 18. Qe2 Nxe3 19. Qxe3 Bf5 20. Kh1 Re8 21. Qf2 Qa5 22. Rac1 Rad8 23. h3 b5 24. Bg4 b4 25. Bxf5 bxc3 26. Bb1 Qxd5 27. bxc3 Qc4 28. Qxa7 Rd2 29. Rce1 Red8 30. Qb7 1/2-1/2

[Event "HUN-chT2 Barcza 1415"]
[Site "Hungary"]
[Date "2014.11.30"]
[Round "5"]
[White "Bagoly, Janos"]
[Black "Baranyai, Szabolcs Jr"]
[Result "0-1"]
[WhiteElo "2036"]
[BlackElo "2236"]
[PlyCount "80"]
[EventDate "2014.09.07"]
[EventType "team-tourn"]
[EventRounds "11"]
[EventCountry "HUN"]
[SourceTitle "EXT 2016"]
[Source "ChessBase"]
[SourceDate "2015.10.08"]
[SourceVersion "1"]
[SourceVersionDate "2015.10.08"]
[SourceQuality "1"]
[WhiteTeam "Sajobabony"]
[BlackTeam "Hajduszoboszlo"]
[WhiteTeamCountry "HUN"]
[BlackTeamCountry "HUN"]

1. d4 d5 2. c4 c6 3. Nf3 Nf6 4. Qc2 g6 5. Bf4 Bg7 6. e3 0-0 7. Nc3 Qa5 8. Be2 dxc4 9. Bxc4 b5 10. Bd3 Na6 11. Qd2 Nb4 12. Bb1 Nbd5 13. Nxd5 Qxd2+ 14. Kxd2 Nxd5 15. Bg3 c5 16. Bd3 c4 17. Be4 Bb7 18. Rhc1 Rac8 19. Ke1 Rfd8 20. Nd2 f5 21. Bf3 g5 22. Be5 Bxe5 23. dxe5 g4 24. Bxd5+ Rxd5 25. f4 Rd3 26. Rc3 Rcd8 27. Rxd3 Rxd3 28. Ke2 Bxg2 29. Rg1 Bd5 30. e4 Be6 31. Rg3 Rd4 32. Ke3 Rd8 33. Ke2 Rd4 34. Ke3 Rd7 35. Ke2 Kf7 36. Ra3 b4 37. Re3 Rd4 38. Nf1 Kg6 39. Ng3 h5 40. exf5+ Bxf5 0-1

[Event "HUN-chT2 Barcza 1415"]
[Site "Hungary"]
[Date "2014.11.16"]
[Round "?"]
[White "Bagoly, Janos"]
[Black "Rakaczki, Csaba"]
[Result "1/2-1/2"]
[WhiteElo "2036"]
[BlackElo "2143"]
[PlyCount "47"]
[EventDate "2014.09.07"]
[EventType "team-tourn"]
[EventRounds "11"]
[EventCountry "HUN"]
[SourceTitle "EXT 2016"]
[Source "ChessBase"]
[SourceDate "2015.10.08"]
[SourceVersion "1"]
[SourceVersionDate "2015.10.08"]
[SourceQuality "1"]
[WhiteTeam "Sajobabony"]
[BlackTeam "Debrecen Sakkbaratok"]
[WhiteTeamCountry "HUN"]
[BlackTeamCountry "HUN"]

1. d4 e6 2. e3 b6 3. f4 Bb7 4. Nf3 f5 5. Bd3 Nf6 6. 0-0 Be7 7. Nbd2 0-0 8. Qe2 Ne4 9. c3 Qe8 10. Bc4 c5 11. Nxe4 fxe4 12. Ne5 Bf6 13. Bd2 d6 14. Bb5 Qc8 15. Ng4 a6 16. Ba4 c4 17. Bc2 a5 18. Nf2 d5 19. Qh5 g6 20. Qh3 Nc6 21. g4 Ne7 22. Qg3 Qc7 23. h4 Rf7 24. Kg2 1/2-1/2

[Event "HUN-chT2 Barcza 1415"]
[Site "Hungary"]
[Date "2014.10.12"]
[Round "?"]
[White "Kun, Imre"]
[Black "Bagoly, Janos"]
[Result "1/2-1/2"]
[WhiteElo "1939"]
[BlackElo "2036"]
[PlyCount "179"]
[EventDate "2014.09.07"]
[EventType "team-tourn"]
[EventRounds "11"]
[EventCountry "HUN"]
[SourceTitle "EXT 2016"]
[Source "ChessBase"]
[SourceDate "2015.10.08"]
[SourceVersion "1"]
[SourceVersionDate "2015.10.08"]
[SourceQuality "1"]
[WhiteTeam "Nadudvar"]
[BlackTeam "Sajobabony"]
[WhiteTeamCountry "HUN"]
[BlackTeamCountry "HUN"]

1. d4 d5 2. c4 e6 3. Nc3 c5 4. cxd5 exd5 5. dxc5 d4 6. Ne4 Bf5 7. Ng3 Bg6 8. b4 a5 9. Qa4+ Nc6 10. Bd2 axb4 11. Qb5 Qd7 12. Bxb4 Nxb4 13. Qxb4 Ra4 14. Qb6 Rc4 15. e4 Bxc5 16. Qb3 Rb4 17. Qc2 Bd6 18. Nf3 Nf6 19. Bd3 0-0 20. 0-0 Rc8 21. Qd2 Be7 22. Rab1 Qa4 23. Rfc1 Ra8 24. h3 h5 25. Kh2 Nd7 26. Rc7 Rxb1 27. Bxb1 Bd6 28. Rxb7 Rb8 29. Rxb8+ Bxb8 30. Qxd4 Qxd4 31. Nxd4 h4 32. Nc6 hxg3+ 33. fxg3 Bd6 34. a4 Ne5 35. Nd4 Nc4 36. Nf3 Bb4 37. Ba2 Nb2 38. Bb3 Bxe4 39. Ne5 Kf8 40. Nxf7 Nxa4 41. Ng5 Nc5 42. Bd1 Bd5 43. h4 Ke7 44. Be2 Bd2 45. Nf3 Be3 46. Kh3 Be4 47. Bd1 Nd3 48. Be2 Nf2+ 49. Kh2 Ng4+ 50. Kh1 Bf5 51. h5 Kf6 52. Nh4 Kg5 53. Nxf5 Kxf5 54. Bd3+ Kg5 55. Bg6 Bf2 56. Bf7 Bxg3 57. Be8 Nf6 58. Bc6 Nxh5 59. Kg1 Kf4 60. Bb7 Be1 61. Kf1 Bb4 62. Ke2 Kg3 63. Kf1 Bc5 64. Bc6 Bf2 65. Ke2 Nf4+ 66. Kf1 Nd3 67. Be4 Ne5 68. Bf5 Nc4 69. Ke2 Kxg2 70. Bg6 Bc5 71. Be4+ Kg3 72. Bg6 Ne5 73. Be4 g5 74. Kf1 Kf4 75. Bd5 g4 76. Kg2 Nf3 77. Bc6 Nh4+ 78. Kh2 g3+ 79. Kh3 Nf5 80. Kg2 Bd6 81. Bb7 Ke3 82. Bc6 Ke2 83. Bb5+ Ke1 84. Bc6 Ne3+ 85. Kg1 Bc5 86. Bf3 Bd4 87. Bc6 Ng4+ 88. Kg2 Bf2 89. Kh1 Ke2 90. Bf3+ 1/2-1/2

[Event "HUN-chT2 Barcza 1213"]
[Site "Hungary"]
[Date "2013.03.03"]
[Round "8.5"]
[White "Csema, Tamas"]
[Black "Bagoly, Janos"]
[Result "1-0"]
[WhiteElo "2013"]
[BlackElo "2044"]
[PlyCount "95"]
[EventDate "2012.09.16"]
[EventType "team-tourn"]
[EventRounds "11"]
[EventCountry "HUN"]
[SourceTitle "EXT 2014"]
[Source "ChessBase"]
[SourceDate "2013.11.20"]
[SourceVersion "1"]
[SourceVersionDate "2013.11.20"]
[SourceQuality "1"]
[WhiteTeam "DEAC"]
[BlackTeam "Sajoszentpeter"]
[WhiteTeamCountry "HUN"]
[BlackTeamCountry "HUN"]

1. e4 d5 2. exd5 Qxd5 3. Nc3 Qd6 4. d4 Nf6 5. Nf3 a6 6. Be2 Bg4 7. Ne5 Bxe2 8. Nxe2 Nc6 9. Bf4 Qe6 10. 0-0 0-0-0 11. c4 Nxe5 12. Bxe5 Nd7 13. Bg3 g5 14. d5 Qg6 15. c5 Nf6 16. c6 Nxd5 17. cxb7+ Kxb7 18. Rc1 Bg7 19. Qb3+ Qb6 20. Qf3 e5 21. Nc3 Qe6 22. Ne4 Qe7 23. Rfe1 c6 24. Nc5+ Ka7 25. Nxa6 Kxa6 26. Rxc6+ Nb6 27. Rec1 Rc8 28. Qd3+ Ka7 29. Qb5 Rxc6 30. Rxc6 Qd8 31. h4 Re8 32. Rxb6 Qxb6 33. Qxe8 gxh4 34. Qxf7+ Qb7 35. Qxb7+ Kxb7 36. Bxh4 e4 37. b3 Bf8 38. Bf6 Kc6 39. Bc3 Ba3 40. f4 exf3 41. gxf3 Kd5 42. Kg2 Ke6 43. f4 Kf5 44. Kf3 h5 45. b4 h4 46. b5 h3 47. Be5 Bc5 48. Kg3 1-0

[Event "HUN-chT2 Barcza 1213"]
[Site "Hungary"]
[Date "2012.11.04"]
[Round "3.5"]
[White "Bagoly, Janos"]
[Black "Kaman, Attila"]
[Result "1-0"]
[WhiteElo "2044"]
[BlackElo "2128"]
[PlyCount "73"]
[EventDate "2012.09.16"]
[EventType "team-tourn"]
[EventRounds "11"]
[EventCountry "HUN"]
[SourceTitle "EXT 2014"]
[Source "ChessBase"]
[SourceDate "2013.11.20"]
[SourceVersion "1"]
[SourceVersionDate "2013.11.20"]
[SourceQuality "1"]
[WhiteTeam "Sajoszentpeter"]
[BlackTeam "Hajduboszormeny"]
[WhiteTeamCountry "HUN"]
[BlackTeamCountry "HUN"]

1. d4 Nf6 2. c4 g6 3. Nc3 Bg7 4. e4 d6 5. Be2 0-0 6. Nf3 e5 7. 0-0 Nc6 8. d5 Ne7 9. Ne1 Nd7 10. f3 f5 11. g4 Nf6 12. Be3 Rf7 13. Nd3 Bf8 14. c5 Qd7 15. cxd6 cxd6 16. h3 Ne8 17. Rc1 h5 18. Nf2 Rh7 19. Kg2 Bh6 20. Bxh6 Rxh6 21. Qa4 Qd8 22. g5 Rh7 23. h4 Rf7 24. Nd3 a6 25. Qb3 Qd7 26. Rh1 b5 27. f4 exf4 28. e5 Bb7 29. Bf3 dxe5 30. Nxe5 Qd6 31. Nxf7 Kxf7 32. Rhe1 Nc7 33. Re6 Qd7 34. Rce1 Nc8 35. Rf6+ Kg7 36. Qb4 Qd8 37. Qd4 1-0

[Event "HUN-chT2 Barcza 1112 "]
[Site "Hungary"]
[Date "2011.10.30"]
[Round "2"]
[White "Kanyadi, Zoltan"]
[Black "Bagoly, Janos"]
[Result "1/2-1/2"]
[WhiteElo "2109"]
[BlackElo "2106"]
[PlyCount "50"]
[EventDate "2011.09.25"]
[EventType "team-tourn"]
[EventRounds "11"]
[EventCountry "HUN"]
[SourceTitle "EXT 2013"]
[Source "ChessBase"]
[SourceDate "2012.11.22"]
[SourceVersion "1"]
[SourceVersionDate "2012.11.22"]
[SourceQuality "1"]
[WhiteTeam "Debrecen Sakkbaratok"]
[BlackTeam "Sajoszentpeter"]
[WhiteTeamCountry "HUN"]
[BlackTeamCountry "HUN"]

1. e4 d5 2. exd5 Qxd5 3. Nc3 Qd6 4. d4 Nf6 5. Nge2 a6 6. Bf4 Qd8 7. h3 e6 8. Qd3 Nc6 9. 0-0-0 Nb4 10. Qf3 Be7 11. g4 Nfd5 12. Be5 0-0 13. Bg2 Bd7 14. Nxd5 exd5 15. a3 Nc6 16. Qxd5 Rc8 17. f4 h5 18. Qa2 Kh8 19. d5 Nxe5 20. fxe5 Bg5+ 21. Kb1 Qe7 22. Nd4 Qxe5 23. Nf3 Qf6 24. Qb3 Rfe8 25. Rhf1 Be3 1/2-1/2

[Event "HUN-chT2 Barcza 1011"]
[Site "Hungary"]
[Date "2010.11.21"]
[Round "6.2"]
[White "Bagoly, Janos"]
[Black "Ujhelyi, Andras"]
[Result "1-0"]
[WhiteElo "2071"]
[BlackElo "2007"]
[PlyCount "97"]
[EventDate "2010.09.12"]
[EventType "team-tourn"]
[EventRounds "11"]
[EventCountry "HUN"]
[SourceTitle "EXT 2012"]
[Source "ChessBase"]
[SourceDate "2011.11.24"]
[SourceVersion "1"]
[SourceVersionDate "2011.11.24"]
[SourceQuality "1"]
[WhiteTeam "Sajoszentpeter"]
[BlackTeam "Tiszavasvar"]
[WhiteTeamCountry "HUN"]
[BlackTeamCountry "HUN"]

1. d4 d5 2. c4 e6 3. Nf3 Nf6 4. g3 Be7 5. Bg2 0-0 6. 0-0 c6 7. Nc3 Nbd7 8. b3 b6 9. Qc2 Ba6 10. Rd1 Bb4 11. Nd2 Rc8 12. e4 c5 13. dxc5 Rxc5 14. exd5 exd5 15. Nxd5 Nxd5 16. Bxd5 Nf6 17. Bf3 Qc8 18. a3 Bxd2 19. Bxd2 Bb7 20. Bxb7 Qxb7 21. Bb4 Rh5 22. Bxf8 Kxf8 23. Rd8+ Ke7 24. Rad1 Re5 25. Qd2 Qc7 26. Qd6+ Qxd6 27. R8xd6 Ra5 28. R6d4 g6 29. a4 Re5 30. R1d3 h5 31. Re3 Rxe3 32. fxe3 a5 33. h3 Nd7 34. Rd1 Nc5 35. Rb1 Nd3 36. Kf1 f5 37. Ke2 Nc5 38. Kf3 Kd6 39. Rb2 Ke5 40. h4 Kd6 41. Rb1 Ne4 42. Rd1+ Ke6 43. Rd8 Nc5 44. Rg8 Kf7 45. Rb8 Nxb3 46. Rb7+ Kf8 47. Rxb6 Nd2+ 48. Kf4 Nxc4 49. Rxg6 1-0

[Event "HUN-chT2 Barcza 1011"]
[Site "Hungary"]
[Date "2010.11.07"]
[Round "5.1"]
[White "Bagoly, Janos"]
[Black "Gal, Jozsef Istvan"]
[Result "0-1"]
[WhiteElo "2071"]
[BlackElo "2367"]
[PlyCount "42"]
[EventDate "2010.09.12"]
[EventType "team-tourn"]
[EventRounds "11"]
[EventCountry "HUN"]
[SourceTitle "EXT 2012"]
[Source "ChessBase"]
[SourceDate "2011.11.24"]
[SourceVersion "1"]
[SourceVersionDate "2011.11.24"]
[SourceQuality "1"]
[WhiteTeam "Sajoszentpeter"]
[BlackTeam "Hajduboszormeny"]
[WhiteTeamCountry "HUN"]
[BlackTeamCountry "HUN"]

1. d4 c5 2. d5 b5 3. c4 Nf6 4. Qc2 Na6 5. a3 bxc4 6. e4 e6 7. Nc3 exd5 8. e5 Bb7 9. exf6 Qxf6 10. Nf3 h6 11. Qe2+ Be7 12. Qe5 0-0 13. Be2 Rfe8 14. Bf4 d4 15. 0-0 dxc3 16. bxc3 Qxe5 17. Bxe5 Bf6 18. Bxf6 Rxe2 19. Bh4 Nc7 20. Rfd1 Nd5 21. Rab1 Nxc3 0-1

[Event "HUN-chT2 Barcza 1011"]
[Site "Hungary"]
[Date "2010.10.10"]
[Round "3.2"]
[White "Forgacs, Jozsef"]
[Black "Bagoly, Janos"]
[Result "1-0"]
[WhiteElo "2246"]
[BlackElo "2071"]
[PlyCount "59"]
[EventDate "2010.09.12"]
[EventType "team-tourn"]
[EventRounds "11"]
[EventCountry "HUN"]
[SourceTitle "EXT 2012"]
[Source "ChessBase"]
[SourceDate "2011.11.24"]
[SourceVersion "1"]
[SourceVersionDate "2011.11.24"]
[SourceQuality "1"]
[WhiteTeam "Debrecen Betu"]
[BlackTeam "Sajoszentpeter"]
[WhiteTeamCountry "HUN"]
[BlackTeamCountry "HUN"]

1. c4 e6 2. Nc3 d5 3. d4 c5 4. e3 Nf6 5. Nf3 Nc6 6. a3 a6 7. dxc5 Bxc5 8. b4 Ba7 9. Bb2 0-0 10. Qc2 dxc4 11. Bxc4 b5 12. Bd3 Bb7 13. Ne4 Nxe4 14. Bxe4 Rc8 15. Bxh7+ Kh8 16. Qb1 f5 17. Bg6 Ne7 18. Ne5 Bxg2 19. Rg1 Be4 20. Rg3 Kg8 21. Qd1 Qxd1+ 22. Rxd1 Nd5 23. Bf7+ Rxf7 24. Nxf7 Kxf7 25. Rxg7+ Kf8 26. Rxa7 Bf3 27. Rc1 Rd8 28. Bd4 f4 29. Rh7 fxe3 30. fxe3 1-0

[Event "HUN-chT2 Barcza 0910"]
[Site "Hungary"]
[Date "2010.04.18"]
[Round "10.2"]
[White "Bagoly, Janos"]
[Black "Forgacs, Jozsef"]
[Result "1/2-1/2"]
[WhiteElo "2076"]
[BlackElo "2246"]
[PlyCount "65"]
[EventDate "2009.11.08"]
[EventType "team-tourn"]
[EventRounds "11"]
[EventCountry "HUN"]
[SourceTitle "EXT 2011"]
[Source "ChessBase"]
[SourceDate "2010.11.26"]
[SourceVersion "1"]
[SourceVersionDate "2010.11.26"]
[SourceQuality "1"]
[WhiteTeam "SSASSE"]
[BlackTeam "Debrecen Betu"]
[WhiteTeamCountry "HUN"]
[BlackTeamCountry "HUN"]

1. d4 Nf6 2. c4 c5 3. d5 b5 4. cxb5 a6 5. b6 d6 6. Nc3 Nbd7 7. a4 Qxb6 8. a5 Qc7 9. e4 h6 10. Nf3 g6 11. Be2 Bg7 12. 0-0 0-0 13. Nd2 Bb7 14. Nc4 Rad8 15. f4 Ne8 16. Be3 Kh7 17. Qd2 e6 18. dxe6 fxe6 19. Bf3 Nb8 20. f5 gxf5 21. exf5 Bxf3 22. Rxf3 d5 23. Qc2 Kg8 24. Nb6 d4 25. Bf4 e5 26. Ncd5 Qf7 27. f6 Nxf6 28. Bxe5 Rxd5 29. Bxf6 Bxf6 30. Rxf6 Qxf6 31. Nxd5 Qf7 32. Qc4 Nc6 33. h3 1/2-1/2

[Event "HUN-chT2 Barcza 0910"]
[Site "Hungary"]
[Date "2010.02.28"]
[Round "7.2"]
[White "Bagoly, Janos"]
[Black "Mozer, Sandor"]
[Result "1-0"]
[WhiteElo "2076"]
[BlackElo "2014"]
[PlyCount "47"]
[EventDate "2009.11.08"]
[EventType "team-tourn"]
[EventRounds "11"]
[EventCountry "HUN"]
[SourceTitle "EXT 2011"]
[Source "ChessBase"]
[SourceDate "2010.11.26"]
[SourceVersion "1"]
[SourceVersionDate "2010.11.26"]
[SourceQuality "1"]
[WhiteTeam "SSASSE"]
[BlackTeam "Nyiregyhaza"]
[WhiteTeamCountry "HUN"]
[BlackTeamCountry "HUN"]

1. d4 g6 2. c4 Bg7 3. Nc3 d6 4. e4 Nd7 5. Nf3 e5 6. Be2 Ne7 7. 0-0 0-0 8. dxe5 Nxe5 9. Be3 N7c6 10. Nd4 Nxd4 11. Bxd4 Be6 12. f4 Nc6 13. Bxg7 Kxg7 14. f5 Bd7 15. f6+ Kh8 16. Qd2 Be6 17. Qg5 Rg8 18. Rf4 Ne5 19. Rh4 Qf8 20. Rh6 Nd7 21. Rf1 a6 22. Rf4 Nxf6 23. Qxf6+ Qg7 24. Rxh7+ 1-0

[Event "HUN-chT2 Barcza 0910"]
[Site "Hungary"]
[Date "2009.12.20"]
[Round "4.2"]
[White "Eberth, Zoltan Bela"]
[Black "Bagoly, Janos"]
[Result "1-0"]
[WhiteElo "2157"]
[BlackElo "2076"]
[PlyCount "41"]
[EventDate "2009.11.08"]
[EventType "team-tourn"]
[EventRounds "11"]
[EventCountry "HUN"]
[SourceTitle "EXT 2011"]
[Source "ChessBase"]
[SourceDate "2010.11.26"]
[SourceVersion "1"]
[SourceVersionDate "2010.11.26"]
[SourceQuality "1"]
[WhiteTeam "Mezokovesd"]
[BlackTeam "SSASSE"]
[WhiteTeamCountry "HUN"]
[BlackTeamCountry "HUN"]

1. e4 e6 2. Nf3 b6 3. d4 Bb7 4. Bd3 c5 5. c3 Nf6 6. Qe2 Be7 7. 0-0 Qc7 8. a3 d6 9. h3 Nbd7 10. e5 Ng8 11. b4 dxe5 12. dxe5 Rc8 13. Bf4 c4 14. Bc2 Bd8 15. Nd4 Ne7 16. Nb5 Qc6 17. Nd6+ Kf8 18. Be4 Nd5 19. Qh5 g6 20. Qh6+ Kg8 21. b5 1-0